000 00783cam a2200241 4500
999 _c23144
_d23144
001 2204005
003 OSt
005 20200519131204.0
008 730925s1973 pk bs 000 0 eng
010 _a 73930421
040 _aDLC
_coclc
_dDLC
050 0 0 _aHG1588
_b.S52
082 0 0 _a332.820917671
_bSID/B
100 _aSiddiqi, Muhammad Nejatullah
_d1931-
_92171
245 1 0 _aBanking without interest /
_cMuhammad Nejatullah Siddiqi
260 _aNew Delhi:
_bIslamic Publications,
_c2010.
300 _a192p
_c21 cm.
350 _aRs10.00
504 _aIncludes bibliographical references.
650 0 _aInterest (Islamic law)
906 _a7
_bcbc
_corignew
_d3
_encip
_f19
_gy-gencatlg
942 _2ddc
_cBK
_h332.820917671
_iSID/B
_k332.820917671
_mSID/B